| 000 | 01297ngm a22003973 4500 | ||
|---|---|---|---|
| 001 | 3810 | ||
| 003 | DO-SdBPM | ||
| 005 | 20250808134638.0 | ||
| 007 | ta | ||
| 008 | 13826 s1992 sp 150 g || vlmul | ||
| 016 | 7 | _a | |
| 017 |
_a _b |
||
| 020 | _a8432303135 (v.34) | ||
| 035 | _a | ||
| 040 |
_aDO-SdBPM _bspa _cBPMSU _e rda |
||
| 082 | 4 |
_a940.5 _bP238s 1993 _222 |
|
| 100 | 1 |
_aClarke Parker, Robert Alexander _d1927- 2001 |
|
| 245 | 1 | 0 |
_aEl siglo XX / _cR. A. C. Parker ; compiladores Wolfgang Benz y Hermann Graml ; traducción de Marisa Delgado. _n _p |
| 250 | _a16a edición, | ||
| 264 |
_aBarcelona : _bSiglo XXI Editores, _c1993 |
||
| 300 |
_a v. ; _c20 cm. _b |
||
| 336 |
_atexto _btxt _2rdacontent |
||
| 337 |
_asin mediación _bn _2rdamedia |
||
| 338 |
_avolumen _bnc _2rdacarrier |
||
| 490 | 0 |
_a Historia universal. _a Siglo veintiuno ; _v34 |
|
| 534 |
_pTítulo original. _tDas zwanzigste jahrhundert. |
||
| 590 | _aInventariado, 2025/VM | ||
| 650 | 7 |
_2Política internacional _xHistoria _y Siglo XX. |
|
| 651 | 7 |
_aEuropa _xHistoria _y1918-1945. |
|
| 651 | 7 |
_aEuropa _x Historia _y1945-1982. |
|
| 700 | 1 |
_aMaestre, Joaquín _etraductor _4 |
|
| 777 | 1 |
_t _h _w |
|
| 910 | _aVMateo V. Control de calidad. BPMSU | ||
| 942 |
_2ddc _cBK |
||
| 999 |
_c11488 _d11488 |
||